MDQL
is popping MORE tags! Check the
thread
!
Quizzes
Events
Quiz Creation
Community
Videos
Private Events
Remove Ads
Sign In
Join for FREE
Feedback
Dark Mode
Quiz Categories
Sports
Geography
Music
Movies
Television
Just For Fun
Miscellaneous
History
Literature
Language
Science
Gaming
Entertainment
Religion
Holiday
For Kids
Quiz Lab
Recent
Popular Today
Quiz Kudos Today
Editor Picks
Curator Picks
Quizzes by...
Day
Popularity
Type
Ratings
Length
Year
Community
Subscriptions
Recent Discussions
Orange Saloon
Badges
Playlists
Quests
Create
Leaderboards
Showdown
Live 5
Trivia Bingo
Activity
Puzzle Library
Sporcle Events
Private Events
Virtual Trivia
Globe League
Become a Host
Pub Owners
SporcleCon
Opinionation
Our Games
Videos
Blog
Mobile Apps
Partnerships
Remove Ads and Go Orange
Feedback
Science
Computer
Plants
Astronomy
Chemistry
Elements
Math
Animal
Physics
Anatomy
Biology
Geology
General Science
Science
Computer
Plants
Astronomy
Chemistry
Elements
Math
Animal
Physics
Anatomy
Biology
Geology
General Science
Random Quiz
Search Sporcle
×
Quiz Lab
Quiz Lab
Science
Nintendo
Type in answers that appear in a list
Type in answers that appear in a list
Classic
Best Score? Go Orange.
Cytokines Stats
Can you name the Cytokines?
By
klurban
10m
33 Questions
70 Plays
70 Plays
70 Plays
Comments
Comments
Give Quiz Kudos
Give Quiz Kudos
-
- Ratings
hide this ad
Forced Order
Answers have to be entered in order
Answers have to be entered in order
Replay
Link that replays current quiz
Next Quiz
Link to next quiz in quiz playlist
You Got
0%
They Got
Avg Score
23%
Avg Friend Score
Upgrade to see
Score Distribution
Jump to the score distribution portion of the page
Score
0/33
Timer
10:00
0
Plays Today
Hint
Answer
% Correct
cytokines used to differentiate Th1
IL12
54.3%
what secretes IL1
macrophage
51.4%
what secretes IL2
Th
47.1%
Cytokines released by Th1
IL 2, IFNg
45.7%
what secretes IL4
Th2
41.4%
cytokines released by Th2
IL4, IL5, IL10
38.6%
what cytokine inhibits Th1
IL10
38.6%
what secretes IL5
Th2
38.6%
what secretes IFNg
Th1
35.7%
what cytokine inhibits Th2
IFNg
34.3%
what cytokine is released by Th1 to activate MacroP
IFNg
32.9%
what secretes IL10
Th2
31.4%
what secretes TNF
macrophages
24.3%
what secretes IL8
macrophages
20%
cytokines used to differentiate Th2
IL4, IL10
17.1%
Costim signal for B cells?
CD40, CD40L
17.1%
what secretes IL3
activated T
17.1%
Hint
Answer
% Correct
What receptor is bound by endotoxins? cell?
CD14, macrophages
15.7%
what cytokines are released back by macroP to Th1
IL1, TNFa
14.3%
what secretes IL6
Th + macrophages
14.3%
what secretes IL12
B + macrophages
14.3%
function of IL4
class switching to IgE + IgG
14.3%
function of IL5
class switching to IgA
14.3%
function of IL1
acute inflammation + fever
12.9%
function IL2
stimulates T cells
12.9%
function of IL3
stimulates bone marrow
12.9%
function of IL6
acute phase reactants
12.9%
function of TNF
vascular leak
12.9%
what cytokines activate NK cells
IL12, IFNb, IFNa
10%
function of IL8
chemotactic for neutrophils
10%
function of IL10
inhibits Th1
10%
function of IL12
activates NK + Th1
10%
function of IFNg
stimulates macrophages + Th2
10%
Quiz Playlist
Details
Report
Send in Message
Add To Playlist
Classic:
Type in answers that appear in a list
Forced Order:
Answers have to be entered in order
Last Updated: Feb 16, 2017
Quiz Scoreboard
CHALLENGE
Sign Up to Join the Scoreboard
Show All
Scores
Hide
Comments
May contain spoilers
Recently Published
Image Sorting: Flags VI
by Barbecue
Geography
2m
Find the 'City' Movie
by crazypaving
Movies
60s
Colored Red Africa Blitz
by spor1
Geography
45s
More to Explore
Quiz From the Vault
Featured Blog Post
14 Easter Pick-up Lines to Find Eggs With
hide this ad
You Might Also Like...
Tags
Nintendo Quiz
Today's Top Quizzes in Science
Browse Science
hide this ad
Today's Top Quizzes in Nintendo
Browse Nintendo
Top Contributed Quizzes in Science
1
Windmill: Elements
2
200 Vogels in Nederland
3
Square Numbers Scrambled (1-50)
4
Count to 60
5
Glycolysis
6
Elements In Images
7
17 TIMES TABLE
8
4-letter Elementary Words III
9
The First 100 Digits of Pi
10
Astronomy Spelling Bee
Explore More
Trending Topics
Kpop
Crossword
NBA
Disney
Anime
Harry Potter
Marvel
WWE
Puzzle
The Office
Song
Pokémon
NFL
Soccer
Country
hide this ad
More By:
klurban
Quiz
Plays
Rating
Category
Featured
Created
Cancer Naming
1,049
Science
Jan 15, 2010
Oncogenes + tumor suppressor
167
4.00
Science
Apr 18, 2011
lymph drainage + HLA
89
Science
May 17, 2011
Cytokines
70
Science
May 17, 2011
Drug Name endings
23
Science
Apr 19, 2011
Go to Creator's Profile
Score Distribution
Quiz Creator Spotlight
klurban
Follow
Send a Message
Quizzes Created
-
Created Quiz Play Count
-
More By This Creator
Popular Quizzes Today
1
Colored Red Africa Blitz
2
Find the US States - No Outlines Minefield
3
Find the 'City' Movie
4
5x2 Blitz: Bands
5
The Countries of the World
6
Find the US States
7
Find the Countries of Europe - No Outlines Minefield
8
US States
More Science Quizzes
Missing Pythagorean Triples
Published
Trending Quizzes
Colored Red Europe Blitz I
Colored Red Europe Blitz II
Colored Red Africa Blitz II
Colored Red Europe Blitz III
Colored Red Africa Blitz III
Recently Updated
How Do You Spell That?
pecheneg
Godzilla Movies
pecheneg
Grab Bag: 4-10 Letters
pecheneg
2024 March Madness Bracket
pecheneg
Famous TV Couples
Peacemaker
Champions League XIs: Real Madrid
pecheneg
Largest US Cities 1790-2010
pecheneg
Rides in Walt Disney World
pecheneg
Most Oscar Losses (Acting)
pecheneg
Beyoncé Albums
pecheneg
Trending Topics
Disney
Kpop
NBA
Marvel
Crossword
Harry Potter
Anime
The Office
Soccer
Pokémon
Country
NFL
Puzzle
Song
WWE
Your Account Isn't Verified!
In order to create a playlist on Sporcle, you need to verify the email address you used during registration. Go to your
Sporcle Settings
to finish the process.
Report this User
Report this user for behavior that violates our
Community Guidelines
.
Details:
Send Report
Go to the Sporcle.com Mobile Site →
Comments